Elektroenergetika : návody na cvičenia /
Uložené v:
| Hlavný autor: | |
|---|---|
| Médium: | Kniha |
| Jazyk: | Slovak |
| Vydané: |
Bratislava :
Alfa,
1990
|
| Vydanie: | 1. vyd. |
| Témy: | |
| ISBN: |
8005002599 (brož.) |
| Fyzický popis: |
163 s. + 4 príl. |
| Tagy: |
Pridať tag
Žiadne tagy, Buďte prvý kto otaguje tento záznam!
|
Titul je dostupný aj v ... 

MARC
| LEADER | 00000nam a2200000 a 4500 | ||
|---|---|---|---|
| 001 | 000255672 | ||
| 005 | 20060613153008.0 | ||
| 008 | 060613s1990 xo e 000 0 sloo | ||
| 020 | |a 8005002599 (brož.) | ||
| 040 | |a SVKKK |b slo |c SVKKK |e AACR2 | ||
| 041 | 0 | |a slo | |
| 044 | |a xo |c SK | ||
| 245 | 0 | 0 | |a Elektroenergetika : |b návody na cvičenia / |c Michal Pokorný ... [et al.] |
| 250 | |a 1. vyd. | ||
| 260 | |a Bratislava : |b Alfa, |c 1990 | ||
| 300 | |a 163 s. + |e 4 príl. | ||
| 655 | 7 | |a učebnice vysokých škôl |2 SVKKKPH | |
| 700 | 1 | |a Pokorný, Michal |4 aut | |
| 919 | |a 80-05-00259-9 | ||
| 998 | |a BK | ||
| 090 | |g SCKHL |k Sklad Pribinova 3. posch. |a V.174405 |j 821413 |i 2720174931 |s Absenčne | ||
| 090 | |g SCKHL |k Sklad Pribinova 3. posch. |a V.174406 |j 821414 |i 2720983586 |s Absenčne | ||